00421pam a2200145 a 4500020002400000041001400024082001500038100001600053245008500069250001200154260005300166300003400219365001200253650001000265 a0781729718c1371.70 aenghNULL a617.3bTUR aTUREK, S . aORTHOPAEDICS : PRINCIPLES & THEIR APPLICATION VOL-2 / cNULL.hTextual Documents a4 / b. aNULL : bLIPPINCOTT WILLIAMS & WILKINS , c2004. a829-1756 : bXXVI ; cNULL .  a1371.70 aORTHO